[Event "Titled Tue 1st Jul Late"]
[Site "chess.com INT"]
[Date "2025.07.01"]
[Round "9"]
[White "Rees, Ioan"]
[Black "Albertini, Luca"]
[Result "0-1"]
[WhiteTitle "FM"]
[WhiteElo "2280"]
[BlackElo "2131"]
[WhiteFideId "1801236"]
[BlackFideId "847038"]
[EventDate "2025.07.01"]

1. Nf3 Nf6 2. g3 e6 3. Bg2 d5 4. O-O Bd6 5. d3 O-O 6. c4 c6 7. b3 b6 8. Bb2 Bb7
9. Nbd2 Nbd7 10. Rc1 e5 11. cxd5 cxd5 12. Rc2 Rb8 13. Qa1 e4 14. dxe4 dxe4 15.
Nd4 e3 16. Bxb7 Rxb7 17. fxe3 Re8 18. Nf5 Bf8 19. Nc4 Nc5 20. Rd2 Rd7 21. Rfd1
Qc8 22. Bxf6 Rxd2 23. Nh6+ gxh6 24. Rxd2 Ne4 25. Rd5 Qe6 26. Qe5 Qxf6 27. Qxf6
Nxf6 28. Rf5 Bg7 29. a4 Ng4 30. a5 Nxe3 31. Nxe3 Rxe3 32. axb6 axb6 33. Rb5 Rxe2
34. Kf1 Re6 0-1

[Event "Titled Tue 1st Jul Late"]
[Site "chess.com INT"]
[Date "2025.07.01"]
[Round "9"]
[White "Deng, Henry"]
[Black "Fadi, Marko"]
[Result "1-0"]
[WhiteTitle "FM"]
[BlackTitle "FM"]
[WhiteElo "2327"]
[BlackElo "2298"]
[WhiteFideId "30965454"]
[BlackFideId "10605371"]
[EventDate "2025.07.01"]

1. e4 c5 2. Nc3 Nc6 3. Nf3 g6 4. d4 cxd4 5. Nxd4 Bg7 6. Nb3 Nf6 7. Be2 O-O 8.
O-O h6 9. f4 d6 10. Be3 Bd7 11. Bf3 Rc8 12. Qe2 Na5 13. Rad1 Nxb3 14. axb3 Qc7
15. Kh1 a6 16. Bd4 e5 17. Be3 Bc6 18. Rd2 b5 19. Qf2 b4 20. Nd5 Bxd5 21. exd5 e4
22. Be2 Qb7 23. Rfd1 Rc7 24. Qh4 Rfc8 25. Bc4 a5 26. Bd4 Ne8 27. Bxg7 Nxg7 28.
Qxh6 Nf5 29. Qh3 Qb6 30. Re1 Re7 31. g4 e3 32. Rde2 Nd4 33. Rxe3 Rec7 34. Re8+
Kg7 35. Qh8# 1-0

[Event "Titled Tue 1st Jul Late"]
[Site "chess.com INT"]
[Date "2025.07.01"]
[Round "9"]
[White "Shuvalova, Polina"]
[Black "Demchenko, Yaroslav"]
[Result "1-0"]
[WhiteTitle "IM"]
[BlackTitle "CM"]
[WhiteElo "2480"]
[BlackElo "2263"]
[WhiteFideId "24171760"]
[BlackFideId "14186667"]
[EventDate "2025.07.01"]

1. e4 c5 2. Nf3 Nc6 3. Bb5 e5 4. O-O Bd6 5. c3 a6 6. Ba4 b5 7. Bc2 Nge7 8. Re1
O-O 9. d3 Bc7 10. Be3 d6 11. d4 cxd4 12. cxd4 d5 13. Nc3 Bg4 14. Nxd5 Nxd5 15.
exd5 Qxd5 16. Bxh7+ Kxh7 17. Ng5+ Kg8 18. Qxg4 exd4 19. Qh3 Rfe8 20. Bf4 Be5 21.
Bxe5 Nxe5 22. Qh7+ Kf8 23. Qh8+ Ke7 24. Qxg7 Kd7 25. Rad1 Rad8 26. f4 Nc6 27.
Nxf7 Kc8 28. Nxd8 Rxe1+ 29. Rxe1 Qxd8 30. Qf7 d3 31. Re8 d2 32. Rxd8+ Nxd8 33.
Qd5 1-0

[Event "Titled Tue 1st Jul Late"]
[Site "chess.com INT"]
[Date "2025.07.01"]
[Round "9"]
[White "Foldes, Marton Gabor"]
[Black "Shandrygin, Nikita"]
[Result "0-1"]
[WhiteTitle "FM"]
[BlackTitle "FM"]
[WhiteElo "2295"]
[BlackElo "2209"]
[WhiteFideId "794708"]
[BlackFideId "24198668"]
[EventDate "2025.07.01"]

1. Nf3 d5 2. g3 Nc6 3. d4 Bf5 4. c3 Qd7 5. Nh4 Be6 6. Bg2 f6 7. e4 g5 8. exd5
Bxd5 9. Bxd5 Qxd5 10. Qh5+ Qf7 11. Qxf7+ Kxf7 12. Nf3 g4 13. Nh4 e5 14. dxe5
Nxe5 15. Be3 Nd3+ 16. Ke2 Nxb2 17. Nd2 Na4 18. Rhc1 Ne7 19. Rab1 Nb6 20. c4 Rb8
21. Bf4 Rc8 22. c5 Nbd5 23. Rxb7 Nc6 24. Nf5 Ke6 25. Ne3 Nxf4+ 26. gxf4 f5 27.
Ndf1 Bh6 28. Ng3 Bxf4 29. Ngxf5 Rhf8 30. Ng3 Nd4+ 31. Kd3 Rcd8 32. Kc4 Nc6 33.
Re1 Na5+ 34. Kb5 Nxb7 35. Kc6 Na5+ 36. Kb5 Nb7 37. Kc6 Bxg3 38. hxg3 Rb8 39.
Nd5+ Kf5 40. Ne3+ Kg5 0-1

[Event "Titled Tue 1st Jul Late"]
[Site "chess.com INT"]
[Date "2025.07.01"]
[Round "9"]
[White "Labussiere, Victor"]
[Black "Baker, Aidan"]
[Result "0-1"]
[WhiteTitle "FM"]
[WhiteElo "2312"]
[BlackElo "2130"]
[WhiteFideId "2183129"]
[BlackFideId "30981565"]
[EventDate "2025.07.01"]

1. c4 c6 2. Nf3 Nf6 3. d4 d5 4. cxd5 cxd5 5. e3 Nc6 6. Nc3 a6 7. Ne5 Bf5 8. f3
e6 9. g4 Bg6 10. h4 h5 11. Nxg6 fxg6 12. g5 Ng8 13. Bd3 Nge7 14. Bd2 Qd6 15. Qe2
Nf5 16. Bxf5 gxf5 17. O-O-O O-O-O 18. Be1 e5 19. Bg3 Qe6 20. dxe5 Nxe5 21. Bxe5
Qxe5 22. f4 Qc7 23. Kb1 Kb8 24. Nxd5 Qc6 25. Qd3 g6 26. Qc3 Bc5 27. Rhe1 Rhe8
28. Nf6 Rxd1+ 29. Rxd1 Rc8 30. Qe5+ Ka7 31. Nd7 Bb6 32. Nxb6 Qc2+ 0-1

[Event "Titled Tue 1st Jul Late"]
[Site "chess.com INT"]
[Date "2025.07.01"]
[Round "9"]
[White "Chekletsov, Ilya"]
[Black "Korchynskyi, Mykola"]
[Result "0-1"]
[WhiteTitle "IM"]
[BlackTitle "FM"]
[WhiteElo "2338"]
[BlackElo "2335"]
[WhiteFideId "24177156"]
[BlackFideId "34138005"]
[EventDate "2025.07.01"]

1. d4 Nf6 2. c4 e6 3. g3 d5 4. Bg2 Be7 5. Nf3 O-O 6. O-O a5 7. Nbd2 c6 8. Qc2 b6
9. e4 dxe4 10. Nxe4 Bb7 11. Rd1 Nbd7 12. Bf4 Nxe4 13. Qxe4 Nf6 14. Qc2 Qc8 15.
Re1 Rd8 16. Rad1 h6 17. Ne5 c5 18. d5 exd5 19. Ng6 Bf8 20. Ne7+ Bxe7 21. Rxe7
Rd7 22. Rxd7 Qxd7 23. cxd5 Nxd5 24. Qb3 Rd8 25. Bxd5 Bxd5 26. Qxb6 Qe8 27. Qxa5
Rd7 28. Re1 Re7 0-1

[Event "Titled Tue 1st Jul Late"]
[Site "chess.com INT"]
[Date "2025.07.01"]
[Round "9"]
[White "Manvelyan, Mikayel"]
[Black "Motola, Jacopo"]
[Result "1-0"]
[WhiteTitle "FM"]
[BlackTitle "FM"]
[WhiteElo "2362"]
[BlackElo "2330"]
[WhiteFideId "13310143"]
[BlackFideId "863190"]
[EventDate "2025.07.01"]

1. e4 e5 2. Nf3 Nc6 3. Bb5 Nf6 4. O-O Nxe4 5. Re1 Nd6 6. Nxe5 Be7 7. Bf1 Nxe5 8.
Rxe5 O-O 9. Nc3 Bf6 10. Re1 Re8 11. Nd5 Rxe1 12. Qxe1 b6 13. Nxf6+ Qxf6 14. c3
Bb7 15. d4 Re8 16. Qd1 a5 17. Qg4 Bc6 18. Be3 Nf5 19. Bg5 Qe6 20. Bd3 Nd6 21.
Qxe6 Rxe6 22. f3 Bb5 23. Bxb5 Nxb5 24. Kf2 f6 25. Bf4 d6 26. a4 Na7 27. d5 Re7
28. b4 axb4 29. cxb4 g5 30. Be3 Re5 31. a5 Nb5 32. a6 Na7 33. Rc1 Re7 34. g4 Kf7
35. h4 h6 36. hxg5 hxg5 37. Bd4 Re8 38. Rxc7+ Re7 39. Rxe7+ Kxe7 40. Bxb6 1-0

[Event "Titled Tue 1st Jul Late"]
[Site "chess.com INT"]
[Date "2025.07.01"]
[Round "9"]
[White "Venskaya, Nika"]
[Black "Milare, Tyron"]
[Result "1-0"]
[WhiteTitle "WCM"]
[BlackTitle "FM"]
[WhiteElo "1926"]
[BlackElo "2248"]
[WhiteFideId "13523503"]
[BlackFideId "12987018"]
[EventDate "2025.07.01"]

1. d4 d5 2. c4 c6 3. Nc3 Nf6 4. Nf3 g6 5. g3 Bg7 6. Bg2 O-O 7. cxd5 Nxd5 8. O-O
Qa5 9. Bd2 Nxc3 10. Bxc3 Qb6 11. e4 c5 12. d5 Bxc3 13. bxc3 c4 14. Ne5 Qc7 15.
Qd4 b5 16. a4 Nd7 17. Nc6 e5 18. dxe6 Qxc6 19. e5 Qxe6 20. Bxa8 bxa4 21. Rxa4
Nb6 22. Rxa7 Nxa8 23. Rxa8 Qc6 24. Rfa1 Bb7 25. Rxf8+ Kxf8 26. Qd6+ Qxd6 27.
exd6 Ke8 28. Re1+ Kd8 29. Re7 Bd5 30. f4 1-0

[Event "Titled Tue 1st Jul Late"]
[Site "chess.com INT"]
[Date "2025.07.01"]
[Round "9"]
[White "Yatskar, Martin"]
[Black "Williams, Justus"]
[Result "0-1"]
[WhiteTitle "CM"]
[BlackTitle "IM"]
[WhiteElo "2225"]
[BlackElo "2355"]
[WhiteFideId "34109676"]
[BlackFideId "2049929"]
[EventDate "2025.07.01"]

1. d4 Nf6 2. c4 g6 3. Nf3 Bg7 4. g3 O-O 5. Bg2 d6 6. Nc3 Nbd7 7. O-O e5 8. e4
exd4 9. Nxd4 Re8 10. Re1 Nc5 11. h3 h6 12. b3 c6 13. Bf4 Nh5 14. Be3 a6 15. Qd2
Kh7 16. Rad1 Nf6 17. Qc2 Qc7 18. g4 Bd7 19. Bf4 Rad8 20. b4 Ne6 21. Nxe6 Rxe6
22. c5 Bf8 23. Bxd6 Bxd6 24. cxd6 Rxd6 25. Rxd6 Qxd6 26. e5 Qe7 27. Re3 Ne8 28.
a3 Be6 29. Ne4 Rd4 30. Nc5 a5 31. bxa5 Rc4 32. Qb2 Rxc5 33. f4 Qd8 34. Qf2 Ng7
35. Be4 Rc1+ 36. Kg2 Qd1 37. Bf3 Bd5 38. Kg3 Bxf3 39. Rxf3 Rc2 40. Rd3 Qxd3+ 0-1

[Event "Titled Tue 1st Jul Late"]
[Site "chess.com INT"]
[Date "2025.07.01"]
[Round "9"]
[White "Unver, Cumayi"]
[Black "Radionov, Timur"]
[Result "1-0"]
[BlackTitle "FM"]
[WhiteElo "2012"]
[BlackElo "2200"]
[WhiteFideId "6304940"]
[BlackFideId "34178772"]
[EventDate "2025.07.01"]

1. d4 d5 2. Nf3 e6 3. Bf4 c5 4. c3 Bd6 5. Bxd6 Qxd6 6. Nbd2 Nf6 7. e3 O-O 8. Bd3
Nbd7 9. O-O e5 10. dxe5 Nxe5 11. Nxe5 Qxe5 12. Nf3 Qc7 13. c4 Rd8 14. cxd5 Nxd5
15. a3 c4 16. Rc1 b5 17. Qc2 g6 18. Be2 Bb7 19. Rfd1 Nf6 20. Rxd8+ Rxd8 21. b3
Ng4 22. bxc4 Bxf3 23. Bxf3 Qxh2+ 24. Kf1 h5 25. cxb5 Qe5 26. a4 Nh2+ 27. Ke2
Nxf3 28. gxf3 h4 29. Qc7 Qg5 30. Qf4 Qe7 31. Rc7 Qa3 32. Qxf7+ 1-0

[Event "Titled Tue 1st Jul Late"]
[Site "chess.com INT"]
[Date "2025.07.01"]
[Round "9"]
[White "Brancaleoni, Maurizio"]
[Black "Zhukovskyi, Oleksandr"]
[Result "1-0"]
[WhiteTitle "FM"]
[BlackTitle "CM"]
[WhiteElo "2185"]
[BlackElo "2145"]
[WhiteFideId "803022"]
[BlackFideId "14169371"]
[EventDate "2025.07.01"]

1. Nf3 Nf6 2. c4 c6 3. d4 d5 4. cxd5 cxd5 5. Nc3 g6 6. Bf4 Bg7 7. e3 O-O 8. h3
Nc6 9. Be2 Re8 10. O-O Ne4 11. Rc1 Nxc3 12. Rxc3 e5 13. Nxe5 Nxe5 14. Bxe5 Bxe5
15. dxe5 Rxe5 16. Qd4 Re4 17. Qd2 Qg5 18. f4 Qe7 19. Bf3 Re6 20. Bxd5 Rd6 21.
Rd1 Be6 22. e4 Rad8 23. Rd3 Qc7 24. Qc3 Qb6+ 25. Kh2 Rc8 26. Qd2 Bxd5 27. Rxd5
Rdc6 28. Rd8+ Kg7 29. Qd4+ Qxd4 30. R8xd4 Rc2 31. R1d2 R2c7 32. Kg3 Kf6 33. Kf3
Ke7 34. g4 f6 35. h4 a5 36. g5 fxg5 37. hxg5 Ra8 38. Rh2 Ke6 39. e5 Ra6 40. Rhd2
Rcc6 41. Rd8 Rab6 42. Re8+ Kf7 43. Red8 Rb4 44. b3 a4 45. R8d4 1-0

[Event "Titled Tue 1st Jul Late"]
[Site "chess.com INT"]
[Date "2025.07.01"]
[Round "9"]
[White "Orlov, Georgi"]
[Black "Paxtor Chiguichon, Rodolfo Enrique"]
[Result "1-0"]
[WhiteTitle "IM"]
[BlackTitle "CM"]
[WhiteElo "2438"]
[BlackElo "2009"]
[WhiteFideId "2011271"]
[BlackFideId "7307012"]
[EventDate "2025.07.01"]

1. d4 Nf6 2. Nf3 e6 3. c4 Bb4+ 4. Nc3 d5 5. g3 c6 6. Bg2 Ne4 7. Qb3 Bxc3+ 8.
bxc3 O-O 9. O-O Nd7 10. a4 b6 11. Ba3 Re8 12. cxd5 exd5 13. c4 Ba6 14. cxd5 cxd5
15. Qxd5 Nc3 16. Qd6 Nxe2+ 17. Kh1 Re6 18. Qb4 Nf6 19. h3 Rc8 20. Rfe1 Ne4 21.
Kh2 Nxf2 22. Ne5 Qg5 23. Rxe2 Bxe2 24. Rc1 Ree8 25. Rxc8 Rxc8 26. Bd5 Nd3 27.
Bxf7+ Kh8 28. Be6 Nxb4 29. Nf7+ Kg8 30. Nxg5+ Kf8 31. Bxb4+ Ke8 32. Bxc8 1-0

[Event "Titled Tue 1st Jul Late"]
[Site "chess.com INT"]
[Date "2025.07.01"]
[Round "9"]
[White "Moussard, Jules"]
[Black "Steinberg, Nitzan"]
[Result "1-0"]
[WhiteTitle "GM"]
[BlackTitle "GM"]
[WhiteElo "2597"]
[BlackElo "2554"]
[WhiteFideId "642908"]
[BlackFideId "2801795"]
[EventDate "2025.07.01"]

1. Nf3 d5 2. e3 Nf6 3. b3 c5 4. Bb5+ Bd7 5. Be2 Nc6 6. Bb2 a6 7. O-O Bg4 8. d4
e6 9. Nbd2 Be7 10. h3 Bh5 11. a3 cxd4 12. exd4 O-O 13. Bd3 Rc8 14. Re1 b5 15.
Qe2 Qb6 16. Qe3 Bg6 17. Bxg6 hxg6 18. Qd3 Rc7 19. b4 Rfc8 20. c3 Ne8 21. Nb3 Nd6
22. Bc1 Ne4 23. Nc5 Nxc5 24. bxc5 Qb7 25. Rb1 Na5 26. Bf4 Rd7 27. Ne5 Rdd8 28.
a4 Nc4 29. Nxc4 dxc4 30. Qxc4 g5 31. Bg3 Qxg2+ 32. Kxg2 bxc4 33. Rb6 Ra8 34. c6
Rdc8 35. c7 Kf8 36. Rb8 Ke8 37. Reb1 1-0

[Event "Titled Tue 1st Jul Late"]
[Site "chess.com INT"]
[Date "2025.07.01"]
[Round "9"]
[White "Oksendal, Martin"]
[Black "Stojanovski, Sandi"]
[Result "1-0"]
[WhiteTitle "FM"]
[BlackTitle "FM"]
[WhiteElo "2235"]
[BlackElo "2169"]
[WhiteFideId "1554107"]
[BlackFideId "1403249"]
[EventDate "2025.07.01"]

1. e4 d6 2. d4 Nf6 3. Nc3 g6 4. f4 Bg7 5. Nf3 O-O 6. Bd3 Nc6 7. e5 Ng4 8. h3 Nh6
9. Be3 Bf5 10. Be2 Nb4 11. Rc1 dxe5 12. fxe5 c5 13. a3 cxd4 14. Nxd4 Nc6 15.
Nxc6 Qxd1+ 16. Rxd1 bxc6 17. O-O Bxc2 18. Rc1 Nf5 19. Bf4 Bb3 20. Ne4 Nd4 21.
Ba6 Bd5 22. Nc3 e6 23. Rfd1 Nb3 24. Rc2 Rab8 25. Na4 Na5 26. Nc5 Rfd8 27. Bg5
Re8 28. b4 Nb3 29. Rxd5 cxd5 30. Nxb3 Bxe5 31. Be3 Re7 32. b5 Rd7 33. Na5 d4 34.
Nc6 Rb6 35. Nxe5 Rd5 36. Bxd4 Rxd4 37. Rc8+ Kg7 38. Nc4 1-0

[Event "Titled Tue 1st Jul Late"]
[Site "chess.com INT"]
[Date "2025.07.01"]
[Round "9"]
[White "Zakin, Ilay"]
[Black "Pakleza, Zbigniew"]
[Result "0-1"]
[WhiteTitle "FM"]
[BlackTitle "GM"]
[WhiteElo "2300"]
[BlackElo "2484"]
[WhiteFideId "2848279"]
[BlackFideId "1119290"]
[EventDate "2025.07.01"]

1. e4 d6 2. d4 Nf6 3. Nc3 c6 4. Be3 Qb6 5. Qd2 Qxb2 6. Rb1 Qa3 7. f3 e6 8. Bd3
d5 9. e5 Nfd7 10. Nge2 a6 11. O-O c5 12. dxc5 Bxc5 13. f4 Nc6 14. Rb3 Bxe3+ 15.
Qxe3 Qc5 16. Nd1 O-O 17. c3 Qxe3+ 18. Nxe3 Nc5 19. Bc2 Nxb3 20. axb3 b5 21. g4
Rd8 22. Rd1 a5 23. g5 b4 24. Nd4 Nxd4 25. cxd4 Ba6 26. h4 Rdc8 27. h5 Be2 28.
Rd2 Bxh5 29. f5 Rc3 30. Kf2 a4 31. bxa4 b3 32. Bb1 Rxa4 33. Ng2 exf5 34. Ne3 Rc1
35. Bxf5 Ra2 36. Rxa2 bxa2 37. e6 fxe6 38. Bxe6+ Kf8 39. Bxd5 a1=Q 40. Kg3 Qxd4 0-1

[Event "Titled Tue 1st Jul Late"]
[Site "chess.com INT"]
[Date "2025.07.01"]
[Round "9"]
[White "Titichoca Daza, Daniel"]
[Black "Rogov, Matfey"]
[Result "1-0"]
[WhiteTitle "CM"]
[BlackTitle "FM"]
[WhiteElo "2126"]
[BlackElo "2348"]
[WhiteFideId "3309550"]
[BlackFideId "44191308"]
[EventDate "2025.07.01"]

1. e4 e5 2. Nf3 Nc6 3. Bb5 a6 4. Ba4 Nf6 5. O-O b5 6. Bb3 Bc5 7. c3 O-O 8. d4
Bd6 9. dxe5 Bxe5 10. Nxe5 Nxe5 11. f4 Nc4 12. e5 Ne8 13. Bxc4 bxc4 14. Qd5 Rb8
15. Qxc4 d5 16. Qd3 g6 17. Nd2 Bf5 18. Qxa6 c5 19. Qe2 c4 20. Re1 Nc7 21. Nf3
Ne6 22. Rd1 Bd3 23. Qf2 f6 24. Qg3 Nc5 25. exf6 Qxf6 26. Ne5 Be4 27. Be3 Rxb2
28. Bxc5 Qxf4 29. Bxf8 Rxg2+ 30. Qxg2 Bxg2 31. Bd6 Be4 32. Rf1 Qg5+ 33. Kf2 Qd2+
34. Kg3 Qg2+ 35. Kf4 g5+ 36. Ke3 Qh3+ 37. Kd4 Qd3+ 38. Nxd3 1-0

[Event "Titled Tue 1st Jul Late"]
[Site "chess.com INT"]
[Date "2025.07.01"]
[Round "9"]
[White "Goncharov, Vladimir"]
[Black "Gerbelli Neto, Eduardo"]
[Result "1-0"]
[WhiteElo "2077"]
[BlackElo "2114"]
[WhiteFideId "34162256"]
[BlackFideId "2103281"]
[EventDate "2025.07.01"]

1. d4 d5 2. c4 c6 3. cxd5 cxd5 4. Nc3 Nf6 5. Bf4 Bf5 6. Qb3 Qd7 7. Nf3 Nc6 8. e3
e6 9. Ne5 Qc8 10. Rc1 Bb4 11. Nxc6 Bxc3+ 12. Rxc3 bxc6 13. Rxc6 Qd8 14. Bc7 Qd7
15. Bb5 O-O 16. Rc5 Qe7 17. f3 Rac8 18. Qc3 Nd7 19. Bd6 Rxc5 20. dxc5 Qh4+ 21.
g3 Qh3 22. Bxd7 Qg2 23. Rf1 Qxh2 24. c6 Bh3 25. c7 Bxf1 26. Kxf1 Qh1+ 27. Ke2
Qg2+ 28. Kd3 Qf1+ 29. Kc2 Qe2+ 30. Kb3 Qd1+ 31. Ka3 1-0

[Event "Titled Tue 1st Jul Late"]
[Site "chess.com INT"]
[Date "2025.07.01"]
[Round "9"]
[White "Mikhalsky, Vladimir"]
[Black "Leinov, Roman"]
[Result "1-0"]
[BlackTitle "CM"]
[WhiteElo "2219"]
[BlackElo "2120"]
[WhiteFideId "14144352"]
[BlackFideId "13504649"]
[EventDate "2025.07.01"]

1. d4 Nf6 2. c4 e6 3. g3 d5 4. Bg2 Bb4+ 5. Bd2 Be7 6. Nf3 O-O 7. O-O b6 8. Qc2
Bb7 9. c5 c6 10. a3 b5 11. a4 a6 12. Ne1 e5 13. dxe5 Nfd7 14. Nd3 a5 15. e4 b4
16. Be3 Na6 17. Nd2 Rc8 18. Nb3 Qc7 19. f4 Rfe8 20. Rad1 g6 21. Rfe1 dxe4 22.
Bxe4 f6 23. e6 Nf8 24. f5 Rcd8 25. Bf4 Qc8 26. Nf2 Rxd1 27. Rxd1 gxf5 28. Bxf5
Ng6 29. Bxg6 hxg6 30. Qxg6+ Kh8 31. Rd7 Nb8 32. Rxe7 Rxe7 33. Qxf6+ Rg7 34. Be5
Qg8 35. Ne4 Bc8 36. Nd4 Na6 37. b3 1-0

[Event "Titled Tue 1st Jul Late"]
[Site "chess.com INT"]
[Date "2025.07.01"]
[Round "9"]
[White "Bluebaum, Matthias"]
[Black "Gasparyan, Erik R."]
[Result "0-1"]
[WhiteTitle "GM"]
[BlackTitle "IM"]
[WhiteElo "2663"]
[BlackElo "2372"]
[WhiteFideId "24651516"]
[BlackFideId "13315730"]
[EventDate "2025.07.01"]

1. d4 Nf6 2. c4 e6 3. Nc3 Bb4 4. e3 O-O 5. Bd2 b6 6. Nf3 Bb7 7. Bd3 Re8 8. O-O
d6 9. a3 Bxc3 10. Bxc3 Nbd7 11. b4 e5 12. Bc2 Qe7 13. Bb2 c5 14. dxc5 dxc5 15.
b5 a5 16. Qe2 Rad8 17. Rfd1 e4 18. Nd2 Ne5 19. Nf1 Qe6 20. Ng3 h6 21. h3 Kh8 22.
a4 Kg8 23. Rxd8 Rxd8 24. Rd1 Rxd1+ 25. Qxd1 Nxc4 26. Qd8+ Kh7 27. Bxf6 Qxf6 28.
Qc7 Bd5 29. Nxe4 Bxe4 30. Bxe4+ g6 31. g3 Kg7 32. Bd5 Nb2 33. Be4 Nxa4 34. Kg2
Nb2 35. f4 Qc3 0-1

[Event "Titled Tue 1st Jul Late"]
[Site "chess.com INT"]
[Date "2025.07.01"]
[Round "9"]
[White "Rustemov, Alexander"]
[Black "Volodin, Alexandr E."]
[Result "1-0"]
[WhiteTitle "GM"]
[BlackTitle "FM"]
[WhiteElo "2525"]
[BlackElo "2344"]
[WhiteFideId "4119002"]
[BlackFideId "34268871"]
[EventDate "2025.07.01"]

1. d4 Nf6 2. c4 e6 3. Nf3 d5 4. cxd5 exd5 5. Nc3 c6 6. Bf4 Bd6 7. Bxd6 Qxd6 8.
Qc2 O-O 9. e3 a5 10. Bd3 Na6 11. a3 Nc7 12. O-O h6 13. Ne5 Ng4 14. Nf3 Re8 15.
h3 Nf6 16. Ne5 Ne6 17. Rad1 g6 18. f4 Ng7 19. g4 h5 20. Qg2 c5 21. f5 cxd4 22.
exd4 Qb6 23. Qf2 g5 24. h4 Rxe5 25. dxe5 Qxf2+ 26. Rxf2 Nxg4 27. Re2 Nxf5 28.
Bxf5 Bxf5 29. hxg5 Kg7 30. Nxd5 Be6 31. Nf4 Re8 32. Nxh5+ Kg6 33. Nf6 Rh8 34.
Nxg4 Bxg4 35. Rd6+ Be6 36. Rg2 Rc8 37. Rb6 Rc1+ 38. Kh2 Kf5 39. g6 Bd5 40. gxf7
Rc8 41. f8=Q+ Kxe5 1-0

[Event "Titled Tue 1st Jul Late"]
[Site "chess.com INT"]
[Date "2025.07.01"]
[Round "9"]
[White "Sheehan, Ethan"]
[Black "Arakelyan, Manvel"]
[Result "1-0"]
[BlackTitle "FM"]
[WhiteElo "2364"]
[BlackElo "2326"]
[WhiteFideId "30943965"]
[BlackFideId "13317415"]
[EventDate "2025.07.01"]

1. d4 e6 2. Nf3 f5 3. g3 b6 4. Bg2 Bb7 5. O-O Nf6 6. c4 Be7 7. Nc3 O-O 8. d5 Na6
9. Nd4 Qc8 10. Re1 Nc5 11. b4 Nce4 12. Nxe4 Nxe4 13. Qb3 Bf6 14. Bb2 Kh8 15.
Rad1 a5 16. a3 axb4 17. axb4 Qe8 18. Nb5 Bxb2 19. Qxb2 Rc8 20. f3 Nf6 21. e4
fxe4 22. fxe4 e5 23. Ra1 Qh5 24. Ra7 Rb8 25. h3 Qg5 26. Qc3 Nh5 27. Kh2 Rf2 28.
Qe3 Qf6 29. Nxc7 Rb2 30. c5 bxc5 31. bxc5 Rf8 32. c6 dxc6 33. Ne6 Ra8 34. Rxa8+
Bxa8 35. Ra1 Bb7 36. Nc5 h6 37. Ra7 1-0

[Event "Titled Tue 1st Jul Late"]
[Site "chess.com INT"]
[Date "2025.07.01"]
[Round "9"]
[White "Harriott, Tyrell"]
[Black "Gulecyuz, Deniz"]
[Result "0-1"]
[WhiteElo "1924"]
[BlackElo "1991"]
[WhiteFideId "2086484"]
[BlackFideId "30921341"]
[EventDate "2025.07.01"]

1. d4 Nf6 2. e3 g6 3. Bd3 Bg7 4. f4 d5 5. Nf3 c5 6. c3 Nc6 7. Nbd2 O-O 8. O-O
Qd6 9. Ne5 Bf5 10. Bxf5 gxf5 11. b3 cxd4 12. exd4 Ne4 13. Nxe4 dxe4 14. a4 Rfd8
15. Qh5 Qf6 16. Ba3 Rac8 17. Rae1 e6 18. Re3 Nxe5 19. fxe5 Qg6 20. Qh4 Kh8 21.
Rg3 Qh6 22. Qe7 Qd2 23. Qxf7 Rg8 24. Be7 Rxc3 25. Rxg7 Rxg7 0-1

[Event "Titled Tue 1st Jul Late"]
[Site "chess.com INT"]
[Date "2025.07.01"]
[Round "9"]
[White "Przybylski, Wojciech"]
[Black "Fernandes, Rogerio Paulo Muller"]
[Result "1-0"]
[WhiteTitle "FM"]
[WhiteElo "2340"]
[BlackElo "2241"]
[WhiteFideId "1117599"]
[BlackFideId "2101599"]
[EventDate "2025.07.01"]

1. e4 e6 2. d4 d5 3. exd5 exd5 4. Bd3 Nc6 5. c3 Bd6 6. Qc2 Nge7 7. Nf3 Bg4 8.
Nbd2 Qd7 9. h3 Bf5 10. Bxf5 Qxf5 11. Qxf5 Nxf5 12. Nf1 O-O 13. Ne3 Rfe8 14. Ke2
Nxe3 15. fxe3 Re7 16. Bd2 Rae8 17. Kd3 f6 18. b4 Bg3 19. Rhf1 Nb8 20. c4 c6 21.
c5 a6 22. a4 Nd7 23. b5 axb5 24. axb5 f5 25. b6 Nf6 26. Ra3 Ne4 27. Bc1 g6 28.
Kc2 Kg7 29. Rd1 h6 30. Rdd3 g5 31. Ra5 Kg6 32. Bb2 Nf2 33. Rda3 Rxe3 34. Ne5+
Kh5 35. Rxe3 Ne4 36. Ra7 Re7 37. Nxc6 Rh7 38. Nb4 Bb8 39. c6 Bxa7 40. bxa7 1-0

[Event "Titled Tue 1st Jul Late"]
[Site "chess.com INT"]
[Date "2025.07.01"]
[Round "9"]
[White "Marcziter, Dmitrii"]
[Black "Abraham, John Z"]
[Result "1-0"]
[WhiteTitle "FM"]
[WhiteElo "2208"]
[BlackElo "2108"]
[WhiteFideId "13900765"]
[BlackFideId "30987318"]
[EventDate "2025.07.01"]

1. e4 c5 2. Nf3 e6 3. c4 Nc6 4. d4 cxd4 5. Nxd4 Nxd4 6. Qxd4 Qc7 7. Nc3 a6 8.
Be2 Nf6 9. Be3 e5 10. Qd3 Bb4 11. f3 d6 12. O-O Bxc3 13. Qxc3 Be6 14. Rac1 O-O
15. Qd2 h6 16. b3 Rfd8 17. Rfd1 a5 18. Bf1 Qc6 19. a4 Ne8 20. Qf2 Nf6 21. Rc2
Nd7 22. Rcd2 Nf8 23. g3 Rab8 24. Bb6 Rd7 25. Bxa5 b6 26. Bb4 Rbd8 27. Bg2 Ng6
28. h3 Ne7 29. f4 f6 30. Rd3 Nc8 31. Qd2 Kf7 32. Kh2 Qc7 33. a5 bxa5 34. Bxa5
Nb6 35. Qb4 Rb8 36. Rxd6 Rxd6 37. Qxd6 Qxd6 38. Rxd6 Nc8 39. Rd3 exf4 40. gxf4
g6 41. Bf3 Ne7 42. Rc3 Ra8 43. b4 Rb8 44. b5 Rc8 45. c5 Ra8 46. Ra3 Bc4 47. b6
Nc6 48. Bb4 Rb8 49. Bc3 Ne7 50. Ra7 Rd8 51. c6 1-0

[Event "Titled Tue 1st Jul Late"]
[Site "chess.com INT"]
[Date "2025.07.01"]
[Round "9"]
[White "Dambaev, Dashi"]
[Black "Mecit, Emre"]
[Result "1-0"]
[WhiteTitle "CM"]
[WhiteElo "2211"]
[BlackElo "2007"]
[WhiteFideId "55628494"]
[BlackFideId "6304214"]
[EventDate "2025.07.01"]

1. e4 c5 2. Nf3 d6 3. d4 cxd4 4. Nxd4 Nf6 5. f3 e5 6. Bb5+ Bd7 7. Bxd7+ Nbxd7 8.
Nf5 Nb6 9. c4 g6 10. Ne3 Bg7 11. Nc3 O-O 12. O-O Rc8 13. b3 Nh5 14. Ned5 f5 15.
exf5 gxf5 16. f4 Nxf4 17. Bxf4 exf4 18. Rc1 Qg5 19. Kh1 Be5 20. Qf3 Nxd5 21.
Nxd5 Rce8 22. Rc2 Re6 23. Re2 Rh6 24. Nxf4 Qg4 25. h3 Qg5 26. Qd5+ Kh8 27. Ne6
Qg3 28. Rxe5 Rxh3+ 29. Kg1 Rg8 30. Re2 Qh2+ 31. Kf2 Rhg3 32. Qd4+ R8g7 33. Ke1
Rxg2 34. Qxg7+ Rxg7 35. Rxh2 Re7 36. Re2 1-0